| 000 | 00000nam##2200000za#4500 |
| 001 | 9.598985 |
| 003 | CaOODSP |
| 005 | 20210624204836 |
| 007 | cr ||||||||||| |
| 008 | 150406|1998||||xxc|||||o f|0| 0 fre|d |
| 040 | |aCaOODSP|bfre |
| 043 | |an-cn--- |
| 086 | 1 |aBT31-2/1999-III-5F-PDF |
| 110 | 1 |aCanada. |bConseil du trésor. |
| 245 | 10|aOffice national du film du Canada, budget des dépenses 1998-1999, rapport sur les plans et les priorités |h[ressource électronique] |
| 260 | |bSecrétariat du Conseil du Trésor du Canada |c[1998]. |
| 300 | |a32p.|borganigramme, tableaux |
| 490 | 1 |aBudget des dépenses 1998-1999. Partie III, Rapport sur les plans et les priorités |v1998-1999 |
| 590 | |a10-12-Supp|b2010-11-18 |
| 775 | 08|tNational Film Board of Canada, 1998-1999 estimates, report on plans and priorities |w(CaOODSP)9.567655 |
| 776 | 0#|tNational Film Board |w(CaOODSP)9.530274 |
| 776 | 0#|tOffice national du film |w(CaOODSP)9.530275 |
| 830 | #0|aBudget des dépenses 1998-1999. Partie III, Rapport sur les plans et les priorités ;|v1998-1999|w(CaOODSP)9.502118 |
| 856 | 40|ahttp://publications.gc.ca|qPDF|s219 Ko|uhttps://publications.gc.ca/collections/Collection/BT31-2-1999-III-5F.pdf|y1998-1999 |